[Event "URS-FL56"]
[Site "Simferopol"]
[Date "1988.??.??"]
[Round "?"]
[White "Ulibin, Mikhail"]
[Black "Yudasin, Leonid"]
[Result "0-1"]
[WhiteElo "2390"]
[BlackElo "2505"]

1.e4 c5 2.Nf3 d6 3.d4 cxd4 4.Nxd4 Nf6 5.Nc3 Nc6 6.Be3 Ng4 7.Bb5 Nxe3 8.fxe3 Bd7
9.O-O e6 10.Bxc6 bxc6 11.Qf3 Qe7 12.Rad1 g6 13.Nb3 e5 14.Na5 Qe6 15.Rd3 Be7
16.Rfd1 O-O 17.Nb7 Rab8 18.Nxd6 Rxb2 19.Nf5 Bc8 20.Nxe7+ Qxe7 21.Rd6 Rxc2
22.Rxc6 Qa3 23.Nb5 Qxa2 24.Rf6 Ba6 25.Rxa6 Qxa6 26.Rd5 Qa1+ 27.Rd1 Rc1 28.Rf1 a5
29.Nd6 a4 30.h4 Rxf1+ 31.Qxf1 Qxf1+ 32.Kxf1 a3  0-1

[Event "URS-FL56"]
[Site "Simferopol"]
[Date "1988.??.??"]
[Round "?"]
[White "Savchenko, Stanislav"]
[Black "Yudasin, Leonid"]
[Result "1/2-1/2"]
[WhiteElo "2480"]
[BlackElo "2505"]

1.d4 Nf6 2.c4 e6 3.Nf3 d5 4.Nc3 dxc4 5.e4 Bb4 6.Bg5 c5 7.Bxc4 cxd4 8.Nxd4 Bxc3+
9.bxc3 Qa5 10.Bxf6 Qxc3+ 11.Kf1 gxf6 12.Rc1 Qa5 13.h4 Ke7 14.Rh3 Nc6 15.Nxc6+ bxc6
16.Rd3 Rb8 17.Kg1 Rb2 18.Bb3 Qb6 19.Qf3 Ba6 20.Rdc3 Bb7 21.Qg3 Rd8 22.e5 f5
23.Ba4 Rdd2 24.Qg5+ Kf8 25.Kh2 Qxf2 26.R1c2 Rbxc2 27.Rxc2 f4 28.Rxd2 Qxd2
29.Bc2 c5 30.Qh6+ Ke7  1/2-1/2

[Event "URS-FL56"]
[Site "Simferopol"]
[Date "1988.??.??"]
[Round "?"]
[White "Giorgadze, Giorgi"]
[Black "Yudasin, Leonid"]
[Result "1/2-1/2"]
[WhiteElo "2410"]
[BlackElo "2505"]

1.d4 Nf6 2.c4 e6 3.Nf3 c5 4.e3 g6 5.Nc3 Bg7 6.dxc5 Na6 7.Be2 Nxc5 8.O-O O-O
9.Qc2 a5 10.e4 b6 11.e5 Ng4 12.Bg5 f6 13.exf6 Nxf6 14.Rad1 Bb7 15.Qc1 Rc8
16.Rd6 Rc6 17.Rxc6 Bxc6 18.Ne5 Bb7 19.Bh6 d6 20.Bxg7 Kxg7 21.Nd3 Nxd3 22.Bxd3 Ng4
23.f3 Nxh2 24.Kxh2 Qh4+ 25.Kg1 Qd4+ 26.Rf2 Qxd3 27.Qd2 Qxd2 28.Rxd2 d5 29.Na4 dxc4
30.Nxb6 Bd5 31.Rd4 Rb8 32.Nxd5 exd5 33.Rxd5 Rxb2 34.Rxa5 c3 35.Rc5 c2 36.Kh2 Rxa2
37.Kg3 Kf6 38.f4 Ke6 39.Kf3 Kd6 40.Rc8 Kd5 41.Ke3 Ke6 42.Kf3 Kd5  1/2-1/2

[Event "URS-FL56"]
[Site "Simferopol"]
[Date "1988.??.??"]
[Round "?"]
[White "Basin, Leonid"]
[Black "Yudasin, Leonid"]
[Result "1/2-1/2"]
[WhiteElo "2350"]
[BlackElo "2505"]

1.d4 Nf6 2.c4 e6 3.Nc3 c5 4.d5 exd5 5.cxd5 d6 6.e4 g6 7.f4 Bg7 8.Bb5+ Nfd7
9.Nf3 O-O 10.a4 Na6 11.O-O Nb4 12.Kh1 a6 13.Bxd7 Bxd7 14.f5 c4 15.Bg5 Bf6
16.Qd2 Nd3 17.h3 gxf5 18.exf5 Bxf5 19.Bxf6 Qxf6 20.Nd4 Qxd4 21.Rxf5 Rae8
22.Qh6 f6 23.Raf1 Rf7 24.Qh5 Re5 25.Rxe5 Nxe5 26.Qf5 Kg7 27.Ne4 Qxd5 28.Ng3 Qd3
29.Qf4 Kh8 30.Nf5 Qd5 31.Qh4 Qe6 32.Nd4 Qd7 33.Qh6 f5 34.a5 Ng6 35.Qg5 f4
36.Re1 Ne5 37.Rxe5 dxe5 38.Qxe5+ Kg8 39.Qg5+ Kf8 40.Qc5+ Kg8 41.Qg5+ Rg7
42.Qxf4 Qc7 43.Qf5 Rf7 44.Qd5 Qd7 45.Qg5+ Rg7 46.Qe5  1/2-1/2

[Event "URS Cup rapid playoff"]
[Site "Tallinn"]
[Date "1988.??.??"]
[Round "?"]
[White "Yudasin, Leonid"]
[Black "Krasenkow, Michal"]
[Result "1-0"]
[WhiteElo "2475"]
[BlackElo "2460"]

1.e4 c5 2.Nf3 Nc6 3.d4 cxd4 4.Nxd4 Nf6 5.Nc3 e5 6.Ndb5 d6 7.Bg5 a6 8.Na3 b5
9.Nd5 Be7 10.Nxe7 Nxe7 11.Bd3 d5 12.exd5 Qxd5 13.f3 Bf5 14.Bxf5 Nxf5 15.Qxd5 Nxd5
16.O-O-O Nc7 17.Rhe1 f6 18.Bd2 O-O-O 19.c4 Nd4 20.f4 Nc6 21.cxb5 axb5 22.Kb1 Rd5
23.Bc1 Rhd8 24.Rxd5 Rxd5 25.Nc2 Ne6 26.Ne3 Rd7 27.fxe5 Nxe5 28.Nf5 Nc5 29.Be3 Ncd3
30.Rd1 Kb7 31.h3 g6 32.Ng3 f5 33.Ne2 Rf7 34.Bd4 Re7 35.Nc3 b4 36.Na4 Kc6
37.a3 Kb5 38.Nb6 bxa3 39.bxa3 Nf4 40.g3 Nxh3 41.Nd5 Nc6 42.Nxe7 Nxe7 43.Rh1  1-0

[Event "URS Cup rapid playoff"]
[Site "Tallinn"]
[Date "1988.??.??"]
[Round "?"]
[White "Krasenkow, Michal"]
[Black "Yudasin, Leonid"]
[Result "1-0"]
[WhiteElo "2460"]
[BlackElo "2475"]

1.Nf3 Nf6 2.d4 d5 3.c4 e6 4.g3 dxc4 5.Bg2 c5 6.O-O Nc6 7.Ne5 Bd7 8.Nxc4 cxd4
9.Bf4 Nd5 10.Nd6+ Bxd6 11.Bxd6 Nde7 12.Nd2 O-O 13.Qb3 b6 14.Nc4 Re8 15.e4 Nc8
16.e5 Nxd6 17.Nxd6 Rf8 18.f4 Na5 19.Qc2 b5 20.Bxa8 Qxa8 21.Qc7 Qd8 22.Rac1 Nc4
23.Qxd8 Rxd8 24.Rfd1 f6 25.Nxc4 bxc4 26.Rxd4 fxe5 27.fxe5 Kf8 28.Rcxc4 Ke8
29.Rc7 a5 30.b3  1-0

[Event "URS Cup rapid"]
[Site "Tallinn"]
[Date "1988.??.??"]
[Round "5"]
[White "Yudasin, Leonid"]
[Black "Vaganian, Rafael A"]
[Result "1-0"]
[WhiteElo "2475"]
[BlackElo "2625"]

1.e4 e6 2.d4 d5 3.Nd2 c5 4.exd5 exd5 5.Ngf3 Nc6 6.Bb5 Bd6 7.dxc5 Bxc5 8.Nb3 Bd6
9.O-O Ne7 10.Re1 O-O 11.Bd3 h6 12.h3 Nf5 13.c3 Qf6 14.Bc2 Be6 15.Qd3 Rfe8
16.Be3 g6 17.Bc5 Be7 18.Qd2 Kh7 19.Re2 Nd6 20.Bxd6 Bxd6 21.Rae1 Kg7 22.Nbd4 Re7
23.Ba4 Rc8 24.Nxe6+ fxe6 25.Bxc6 bxc6 26.Ne5 h5 27.Qd3 Bc5 28.b4 Bb6 29.a4 Qf5
30.a5 Qxd3 31.Nxd3 Bd8 32.Nc5 e5 33.Rxe5 Rxe5 34.Rxe5 Bf6 35.Re3 Kf7 36.Nd7 Bg7
37.Ne5+ Kf6 38.Kf1 Kf5 39.g4+ hxg4 40.hxg4+ Kg5 41.Ke2 c5 42.bxc5 Rxc5 43.f4+ Kh4
44.Kf3 Bxe5 45.fxe5 Rc8 46.e6 Rf8+ 47.Ke2 Kxg4 48.Kd3 Kg5 49.Kd4 Kf6 50.Rf3+ Ke7
51.Rxf8 Kxf8 52.Kxd5 g5 53.Kd6 Ke8 54.c4  1-0

[Event "URS Cup rapid"]
[Site "Tallinn"]
[Date "1988.??.??"]
[Round "6"]
[White "Tukmakov, Vladimir B"]
[Black "Yudasin, Leonid"]
[Result "0-1"]
[WhiteElo "2570"]
[BlackElo "2475"]

1.d4 Nf6 2.c4 e6 3.g3 Bb4+ 4.Bd2 Bxd2+ 5.Qxd2 d5 6.Bg2 O-O 7.Nf3 c6 8.Qc2 b6
9.Nbd2 Nbd7 10.e4 dxe4 11.Nxe4 Bb7 12.O-O c5 13.Nxf6+ Nxf6 14.Rfd1 Qc7 15.Qe2 Rfd8
16.dxc5 Qxc5 17.Ne5 Bxg2 18.Kxg2 g6 19.b3 Kg7 20.Qb2 h5 21.b4 Qc7 22.b5 Rd6
23.Rxd6 Qxd6 24.Nc6 a6 25.a4 Rc8 26.Ra3 axb5 27.axb5 Re8 28.Re3 Qc5 29.Qc3 h4
30.g4 Qg5 31.h3 Kg8 32.Qd4 Nh5 33.Rf3 e5 34.Qd7 Rf8 35.Ne7+ Kg7 36.Nd5 e4
37.Re3 Rd8 38.Qc7 Rxd5 39.cxd5 Nf4+ 40.Kh2 Nxd5 41.Qd7 Nxe3 42.Qd4+ Kg8 43.fxe3 Qxb5
44.Qxe4 Qe2+ 45.Kh1 Qe1+ 46.Kg2 Qg3+ 47.Kf1 Qxh3+ 48.Ke2 Qg3 49.Qa8+ Kh7
50.Qc8 h3  0-1

[Event "URS Cup rapid"]
[Site "Tallinn"]
[Date "1988.??.??"]
[Round "9"]
[White "Gavrikov, Viktor"]
[Black "Yudasin, Leonid"]
[Result "1/2-1/2"]
[WhiteElo "2545"]
[BlackElo "2475"]

1.Nf3 Nf6 2.c4 b6 3.g3 Bb7 4.d4 e6 5.Bg2 Be7 6.Nc3 O-O 7.O-O d5 8.cxd5 exd5
9.b3 Nbd7 10.Bb2 Re8 11.Rc1 c5 12.Rc2 Ne4 13.dxc5 Ndxc5 14.Qa1 Bf8 15.Rd1 Nxc3
16.Bxc3 Qd7 17.Bb2 Qf5 18.Nd4 Qg6 19.Qb1 Re7 20.Rcc1 Ne4 21.Ba3 Rd7 22.Bxf8 Rxf8
23.Nb5 Bc6 24.Nd4 Bb7 25.Bh3 Re7 26.Qb2 Qf6 27.e3 h5 28.Rc2 Kh8 29.Qa3 Rfe8
30.Bg2 h4 31.Nb5 hxg3 32.hxg3 a6 33.Nd4 Re5 34.Qb2 a5 35.Nf3 Rf5 36.Qxf6 Rxf6
37.Nd4 g6 38.Nb5 Re7 39.Bxe4 dxe4 40.Rd6 Rxd6 41.Nxd6 Bd5 42.Rc8+ Kh7 43.Rb8 a4
44.bxa4 Ra7 45.Nc4 Rxa4 46.Nxb6 Rb4 47.a4 Rb1+ 48.Kg2 Bc4 49.Nd7 Ra1 50.Rb4 Bf1+
51.Kh2 Be2 52.Nf6+ Kg7 53.Nxe4 Bf3 54.g4 Bxg4 55.Kg3 Rg1+  1/2-1/2

[Event "Bern"]
[Site "Bern"]
[Date "1989.??.??"]
[Round "?"]
[White "Yudasin, Leonid"]
[Black "Jukic, Mirko"]
[Result "1-0"]
[WhiteElo "2540"]
[BlackElo "2475"]

1.e4 c5 2.Nf3 e6 3.d3 Nc6 4.g3 d5 5.Nbd2 Nge7 6.Bg2 g6 7.O-O Bg7 8.Re1 b6
9.h4 h6 10.c3 a5 11.a4 Ra7 12.exd5 exd5 13.Nb3 d4 14.cxd4 cxd4 15.Bf4 O-O
16.Ne5 Nxe5 17.Bxe5 Bxe5 18.Rxe5 Qd6 19.Qe2 Be6 20.Nd2 Nc6 21.Rxe6 fxe6 22.Nc4 Qd7
23.Nxb6 Qe8 24.Rc1 Ne7 25.Qxe6+ Qf7 26.Qe2 Qb3 27.Nc4 Qxa4 28.Qe6+ Kg7 29.Qb6 Rd7
30.Ne5 Rdd8 31.Rc7 Qe8 32.Qe6  1-0

[Event "Bern"]
[Site "Bern"]
[Date "1989.??.??"]
[Round "?"]
[White "Yudasin, Leonid"]
[Black "Herzog, Juerg"]
[Result "1-0"]
[WhiteElo "2540"]
[BlackElo "2200"]

1.e4 e6 2.d4 d5 3.Nd2 Nf6 4.e5 Nfd7 5.f4 c5 6.c3 Nc6 7.Ndf3 Qb6 8.g3 cxd4
9.cxd4 Bb4+ 10.Kf2 g5 11.h3 gxf4 12.gxf4 Nc5 13.dxc5 Bxc5+ 14.Ke2 Rg8 15.Qb3 Nb4
16.a3 Bd7 17.Ke1 Bf2+ 18.Kd1 Bxg1 19.axb4 Rc8 20.Bd2 Qf2 21.Qd3 Rg3 22.Be2 a6
23.Be1 Qb6 24.Bxg3 Qxb4 25.Rxg1 Ba4+ 26.Rxa4 Qxa4+ 27.Ke1  1-0

[Event "Bern"]
[Site "Bern"]
[Date "1989.??.??"]
[Round "?"]
[White "Yudasin, Leonid"]
[Black "Campora, Daniel H"]
[Result "1/2-1/2"]
[WhiteElo "2540"]
[BlackElo "2500"]

1.d4 d5 2.c4 c6 3.Nc3 Nf6 4.e3 g6 5.Nf3 Bg7 6.Bd3 O-O 7.O-O Bf5 8.Bxf5 gxf5
9.cxd5 Nxd5 10.Qb3 Qd7 11.Ne5 Bxe5 12.dxe5 Rd8 13.Ne2 Na6 14.a3 Nb6 15.Nf4 Nc5
16.Qb4 Ne4 17.f3 c5 18.Qe1 Nd2 19.e6 fxe6 20.Qg3+ Kf7 21.Qh4 Nxf1 22.Qxh7+ Kf6
23.e4 Qd4+ 24.Kxf1 Qd1+ 25.Kf2 Qd4+ 26.Be3 Qxb2+ 27.Kg3 Rg8+ 28.Kh3 Rg7 29.Nh5+ Kf7
30.Nxg7 Qxg7 31.Qxg7+ Kxg7 32.Bxc5 Kf6 33.g4 Rc8 34.Bd4+ Kg5 35.exf5 exf5
36.Re1 Rc4 37.Bg7 Nd5 38.Re5 e6 39.Kg3 Kg6 40.Bh8 Kh7 41.gxf5 Kxh8 42.fxe6 Ne7
43.Re3 Kg7 44.Rd3 Kf6 45.Rd7 Nf5+ 46.Kh3 Rh4+ 47.Kg2 Ra4 48.Rxb7 Rxa3 49.Rb1 Kxe6
50.h4 a5 51.Rb6+ Ke5 52.h5 Kf4 53.h6 Ra2+ 54.Kh3 Nxh6 55.Rxh6 Kxf3 56.Rh5 a4
57.Rh4 a3  1/2-1/2

[Event "Bern"]
[Site "Bern"]
[Date "1989.??.??"]
[Round "?"]
[White "Jakob, Simon"]
[Black "Yudasin, Leonid"]
[Result "0-1"]
[WhiteElo "2200"]
[BlackElo "2540"]

1.c4 c5 2.Nc3 Nf6 3.g3 e6 4.Nf3 b6 5.Bg2 Bb7 6.O-O d6 7.d4 cxd4 8.Nxd4 Bxg2
9.Kxg2 Qc7 10.Qa4+ Nbd7 11.Qc6 Qxc6+ 12.Nxc6 a6 13.b4 Rc8 14.b5 axb5 15.cxb5 d5
16.Be3 Ng4 17.Bf4 Ba3 18.Rfb1 f6 19.Rb3 Ra8 20.e4 d4 21.Nxd4 Nc5 22.Bd6 Kf7
23.Bxc5 Bxc5 24.Nc6 Nxf2 25.Rf1 Ng4 26.Re1 Rac8 27.h3 Ne3+ 28.Kf3 Nc4 29.Rd1 Rc7
30.a4 Ne5+ 31.Nxe5+ fxe5 32.g4 Ke7 33.Kg3 Bd4 34.Rd3 Rc4 35.Ra3 Kd6 36.h4 Kc5
37.Ne2 Ra8 38.Kf3 Raxa4 39.Nxd4 exd4 40.Kf4 Kd6 41.Rab3 e5+ 42.Kg5 Rcb4 43.h5 Rxb3
44.Rxb3 Ra2 45.h6 gxh6+ 46.Kxh6 Rh2+ 47.Kg5 Re2 48.Rh3 Rxe4 49.Rxh7 d3  0-1

[Event "Bern"]
[Site "Bern"]
[Date "1989.??.??"]
[Round "?"]
[White "Gobet, Fernand"]
[Black "Yudasin, Leonid"]
[Result "1-0"]
[WhiteElo "2415"]
[BlackElo "2540"]

1.e4 c5 2.Nf3 e6 3.d4 cxd4 4.Nxd4 Nc6 5.Nc3 Qc7 6.g3 a6 7.Bg2 d6 8.O-O Be7
9.Re1 Bd7 10.Nxc6 Bxc6 11.a4 Nf6 12.a5 O-O 13.Be3 Nd7 14.Na4 Rad8 15.Nb6 Nf6
16.Bd4 Rfe8 17.c4 Nd7 18.Rc1 Bg5 19.Rb1 e5 20.Nxd7 Qxd7 21.Bb6 Rc8 22.b4 g6
23.Qd3 Ba4 24.h4 Bd8 25.Be3 Qe6 26.Rec1 Bd7 27.Qd5 Bc6 28.Qxe6 fxe6 29.b5 Bd7
30.bxa6 bxa6 31.Bb6 Be7 32.c5 dxc5 33.Bf1 Ra8 34.Bxc5 Kf7 35.Bxe7 Kxe7 36.Rb6 Rec8
37.Rxc8 Rxc8 38.Rxa6 Rc1 39.Rb6 Bc6 40.f3 Kd6 41.a6 Kc7 42.Rb2 Ra1 43.Kf2 Ra4
44.Be2 h6 45.g4 Ra3 46.g5 hxg5 47.hxg5 Ra1 48.Bc4 Ra4 49.Be2 Ra1 50.Ke3 Ra3+
51.Kd2 Bd7 52.Rb7+ Kd6 53.Bd3 Ra2+ 54.Kc3 Bc8 55.Ra7 Ra3+ 56.Kd2 Ra2+ 57.Ke1 Kc6
58.Ra8 Kc7 59.Ra7+ Kb6 60.Rg7 Bxa6 61.Bxa6 Rxa6 62.Rxg6 Kc5 63.Kf2 Kd6 64.Rg7 Ra1
65.Kg3 Rf1 66.Rf7 Rh1 67.Kg4 Rh2 68.g6 Rh1 69.Kg5 Rh3 70.g7 Rg3+ 71.Kh6 Rh3+
72.Kg6 Rg3+ 73.Kh7 Rh3+ 74.Kg8 Rg3 75.Kf8  1-0

[Event "Spring op"]
[Site "Budapest"]
[Date "1989.??.??"]
[Round "?"]
[White "Yudasin, Leonid"]
[Black "Saltaev, Mihail"]
[Result "1/2-1/2"]
[WhiteElo "2540"]
[BlackElo "2400"]

1.e4 c5 2.Nf3 e6 3.d4 cxd4 4.Nxd4 Nc6 5.Nb5 d6 6.c4 a6 7.N5c3 Nf6 8.Be2 Be7
9.O-O Qc7 10.Be3 Ne5 11.Nd2 O-O 12.f4 Ned7 13.Rc1 b6 14.g4 Ne8 15.g5 Rb8
16.Qe1 Qd8 17.Qg3 f6 18.h4 Nc7 19.Nf3 Bb7 20.Nd4 Nc5 21.Qg2 f5 22.Bf3 fxe4
23.Bg4 e5 24.fxe5 Rxf1+ 25.Rxf1 dxe5 26.Nf5 Bf8 27.Rd1 Qe8 28.Nd6 Bxd6 29.Rxd6 Bc6
30.b4 Nb7 31.Rd1 b5 32.Bf5 Rd8 33.Rxd8 Qxd8 34.cxb5 Nxb5 35.Nxb5 axb5 36.Bxe4 Qd1+
37.Kf2 Nd8 38.Qf3 Qxf3+ 39.Kxf3 Kf7 40.Bb6  1/2-1/2

[Event "Spring op"]
[Site "Budapest"]
[Date "1989.??.??"]
[Round "?"]
[White "Yudasin, Leonid"]
[Black "Horvath, Csaba"]
[Result "1-0"]
[WhiteElo "2540"]
[BlackElo "2445"]

1.e4 c5 2.Nf3 e6 3.d4 cxd4 4.Nxd4 Nc6 5.Nb5 d6 6.c4 Nf6 7.N1c3 a6 8.Na3 Be7
9.Be2 b6 10.O-O Bb7 11.Be3 Nb8 12.f3 Nbd7 13.Qd2 O-O 14.Rfd1 Qc7 15.Rac1 Rac8
16.Bf1 Qb8 17.Kh1 Rfe8 18.Qf2 Bd8 19.Qg3 Ne5 20.Rc2 Kh8 21.Rcd2 Bc7 22.Bg5 Ned7
23.Qh3 Ng8 24.Nc2 Ne5 25.f4 Ng6 26.f5 Ne5 27.Nd4 Bd8 28.Bf4 Nxc4 29.fxe6 Qc7
30.Bxc4 Qxc4 31.Nf5 Bc7 32.Qg3 g6 33.Nxd6 Bxd6 34.Rxd6 Rxe6 35.Be5+ f6 36.b3  1-0

[Event "Spring op"]
[Site "Budapest"]
[Date "1989.??.??"]
[Round "?"]
[White "Yudasin, Leonid"]
[Black "Olthof, Rene AJA"]
[Result "1-0"]
[WhiteElo "2540"]
[BlackElo "2230"]

1.e4 c5 2.Nf3 d6 3.c3 Nf6 4.Be2 Nc6 5.d3 g6 6.O-O Bg7 7.h3 O-O 8.Re1 e5 9.Bf1 b6
10.Na3 Bb7 11.Bg5 h6 12.Bh4 Qc7 13.Nc4 Nh5 14.a4 Bf6 15.Bxf6 Nxf6 16.d4 Rfe8
17.d5 Ne7 18.a5 Nd7 19.Qb3 f5 20.a6 Bc8 21.Nfxe5 Nf6 22.exf5 b5 23.Na3 dxe5
24.d6+ c4 25.Nxb5 cxb3 26.Nxc7 Nxf5 27.Nxa8  1-0

[Event "Spring op"]
[Site "Budapest"]
[Date "1989.??.??"]
[Round "?"]
[White "Barczay, Laszlo"]
[Black "Yudasin, Leonid"]
[Result "0-1"]
[WhiteElo "2395"]
[BlackElo "2540"]

1.Nf3 Nf6 2.g3 b6 3.Bg2 Bb7 4.O-O c5 5.c4 e6 6.b3 Be7 7.Bb2 O-O 8.Nc3 a6
9.Re1 d6 10.e4 Nbd7 11.d4 cxd4 12.Nxd4 Qc7 13.Rc1 Rfe8 14.Rc2 Bf8 15.Rd2 Rad8
16.h3 g6 17.Qa1 Qb8 18.Nc2 Ba8 19.Ne3 h5 20.f4 b5 21.cxb5 axb5 22.Nf1 b4
23.Na4 e5 24.Rf2 Qa7 25.fxe5 dxe5 26.Bc1 Bc6 27.Be3 Qb7 28.Nd2 Rc8 29.Qd1 Re6
30.Kh2 Be7 31.Bg5 Bb5 32.Bf1 Rd6 33.Bxb5 Qxb5 34.Qe2 Qc6 35.Nf3 Qa8 36.Qb2 Re6
37.Qb1 Rcc6 38.Rc2 Qa6 39.Rf2 Red6 40.Nb2 Rc3 41.Nc4 Rdd3 42.Re3 Qa7 43.Rfe2 Rxe3
44.Rxe3 Nh7 45.Bxe7 Rxe3 46.Nxe3 Qxe3 47.Nh4 Qd2+ 48.Ng2 Ndf6 49.Qa1 Nxe4
50.Qxe5 Nhg5 51.Bxg5 Nxg5 52.Qe3 Qd5 53.Ne1 Qf5 54.h4 Ne4 55.Nd3 Nf6 56.Kg2 Ng4
57.Qd4 Qe6 58.Kf3 Qa6  0-1

[Event "Leningrad2"]
[Site "Leningrad"]
[Date "1989.??.??"]
[Round "?"]
[White "Ivanov, Sergey"]
[Black "Yudasin, Leonid"]
[Result "0-1"]
[WhiteElo "2465"]
[BlackElo "2555"]

1.d4 Nf6 2.Nf3 e6 3.c4 c5 4.g3 cxd4 5.Nxd4 Qc7 6.Nd2 Bc5 7.N2b3 Be7 8.Qc2 Nc6
9.Bg2 Bb4+ 10.Bd2 Nxd4 11.Nxd4 Bxd2+ 12.Qxd2 Qxc4 13.Rc1 Qa6 14.Qb4 Qb6 15.Nb5 Kd8
16.Qa4 d6 17.Rc3 Bd7 18.Rb3 Ke7 19.O-O Rhc8 20.Qd4 d5 21.Qxb6 axb6 22.Nc3 Ra6
23.e4 dxe4 24.Nxe4 Nd5 25.Nc3 Nxc3 26.bxc3 Bc6 27.Rfb1 Bxg2 28.Kxg2 Rc6 29.R1b2 Kd7
30.Kf3 Kc7 31.Ke3 Ra5 32.Rd2 g5 33.h3 h5 34.a3 Re5+ 35.Kd3 Re1 36.Rb4 Rc1
37.Rc4 Rh1 38.Rd4 Rd6 39.Rxd6 Kxd6 40.Ke4+ Kc6 41.Ke5 Rxh3 42.Kf6 h4 43.gxh4 gxh4
44.Kxf7 Rf3+ 45.Kxe6 h3 46.a4 h2 47.Rd6+ Kc5 48.Rd5+ Kc4 49.Rh5 Rxf2 50.Kd6 Kxc3
51.Kc7 Kb4 52.Rh4+ Ka5 53.Kxb7 b5  0-1

[Event "Leningrad2"]
[Site "Leningrad"]
[Date "1989.??.??"]
[Round "?"]
[White "Yudasin, Leonid"]
[Black "Gdanski, Przemyslaw"]
[Result "1/2-1/2"]
[WhiteElo "2555"]
[BlackElo "2350"]

1.e4 c5 2.f4 Nc6 3.Nf3 e6 4.d3 d5 5.Nc3 dxe4 6.dxe4 Qxd1+ 7.Kxd1 Nf6 8.Be3 Be7
9.h3 Nh5 10.Ne2 Nf6 11.Nc3 Nh5 12.Ne2 Nf6 13.Nc3  1/2-1/2

[Event "Leningrad2"]
[Site "Leningrad"]
[Date "1989.??.??"]
[Round "?"]
[White "Yudasin, Leonid"]
[Black "Horvath, Csaba"]
[Result "1-0"]
[WhiteElo "2555"]
[BlackElo "2470"]

1.e4 c5 2.Nf3 Nc6 3.d4 cxd4 4.Nxd4 Nf6 5.Nc3 e5 6.Ndb5 d6 7.Nd5 Nxd5 8.exd5 Nb8
9.c4 Be7 10.Be2 O-O 11.O-O Nd7 12.a3 f5 13.b4 a6 14.Nc3 e4 15.Be3 f4 16.Bd4 f3
17.gxf3 exf3 18.Bxf3 Bf6 19.Bg2 Be5 20.Ne2 Qh4 21.f4 Bxf4 22.Nxf4 Rxf4 23.Rxf4 Qxf4
24.Ra2 Ne5 25.Rf2 Qg5 26.Bxe5 Qxe5 27.Qf3 h5 28.h3 b6 29.Re2 Qd4+ 30.Kh2 Bd7
31.Re4 Qb2 32.Re7 Rf8 33.Qg3 Bf5 34.Qxd6 Bd3 35.Qe6+ Kh7 36.d6 Rf6 37.Qd5 Qd2
38.Qxh5+ Rh6 39.Qg4 Rg6 40.Qh4+ Rh6 41.Qe1 Qf4+ 42.Qg3 Qxg3+ 43.Kxg3 Rxd6
44.c5 bxc5 45.bxc5 Rd4 46.Re3 Bf5 47.Rc3 Bc8 48.c6  1-0

[Event "Leningrad2"]
[Site "Leningrad"]
[Date "1989.??.??"]
[Round "?"]
[White "Yudasin, Leonid"]
[Black "Sapis, Witalis"]
[Result "1-0"]
[WhiteElo "2555"]
[BlackElo "2385"]

1.e4 c6 2.d4 d5 3.e5 Bf5 4.h4 c5 5.dxc5 Nc6 6.Bb5 Qa5+ 7.Nc3 O-O-O 8.Bxc6 bxc6
9.Qd4 h5 10.b4 Qa6 11.a4 Qc4 12.Qxc4 dxc4 13.Ra2 e6 14.a5 Ne7 15.Nf3 Nd5
16.Nxd5 Rxd5 17.O-O Be7 18.Be3 Rhd8 19.c3 Bd3 20.Re1 a6 21.Bg5 f6 22.Bf4 Bf5
23.Rae2 Rd3 24.Re3 Bg4 25.Nd4 fxe5 26.Bxe5 Bxh4 27.g3 Bg5 28.f4 Bf6 29.Nxc6 Rxe3
30.Rxe3 Rd1+ 31.Kf2 Rd2+ 32.Kf1 Rd1+ 33.Re1 Rd3 34.b5 axb5 35.a6 Bf3 36.Nd4 Rxc3
37.Nxb5 Rb3 38.Nd4 Ra3 39.Bxf6 gxf6 40.Rxe6 Bd5 41.Rxf6 c3 42.Ke2 Bc4+ 43.Ke3 Bxa6
44.Nc2 Ra4 45.Rh6 Ra2 46.Nb4 Re2+ 47.Kd4 Bb5 48.Kxc3 Re3+ 49.Kd4 Rxg3 50.c6 Rg8
51.Kc5 Be2 52.Nd5 Rf8 53.Rh7 Kb8 54.Kb6  1-0

[Event "Leningrad2"]
[Site "Leningrad"]
[Date "1989.??.??"]
[Round "?"]
[White "Yudasin, Leonid"]
[Black "Taimanov, Mark E"]
[Result "1/2-1/2"]
[WhiteElo "2555"]
[BlackElo "2495"]

1.e4 c5 2.Nf3 e6 3.d4 cxd4 4.Nxd4 Nc6 5.Nb5 d6 6.c4 a6 7.N5c3 Nf6 8.Be2 Be7
9.O-O O-O 10.Be3 Bd7 11.Nd2 Na7 12.Qb3 Bc6 13.Rfd1 Qb8 14.a4 a5 15.Rac1 Nd7
16.Nf3 Nc5 17.Qc2 b6 18.Nd4 Bb7 19.b3 Nc6 20.Ndb5 Nb4 21.Qb1 Rd8 22.Bf4 Rd7
23.h3 Qf8 24.e5 dxe5 25.Bxe5 Bg5 26.Rxd7 Nxd7 27.Bd6 Be7 28.Bc7 Na6 29.Bg3  1/2-1/2

[Event "Leningrad"]
[Site "Leningrad"]
[Date "1989.??.??"]
[Round "?"]
[White "Arkell, Keith C"]
[Black "Yudasin, Leonid"]
[Result "1/2-1/2"]
[WhiteElo "2450"]
[BlackElo "2555"]

1.d4 Nf6 2.Nf3 e6 3.c4 c5 4.d5 d6 5.Nc3 exd5 6.cxd5 g6 7.g3 Bg7 8.Bg2 O-O
9.O-O a6 10.a4 Nbd7 11.Nd2 Qc7 12.Nc4 Nb6 13.Na3 Bd7 14.a5 Nc8 15.Nc4 Bb5
16.Qb3 Bxc4 17.Qxc4 b5 18.axb6 Nxb6 19.Qh4 Rfb8 20.Ra2 Nbd7 21.Ra4 Rb6 22.Qc4 Qb7
23.Qa2 Rb4 24.Rd1 Nb6 25.Rxb4 cxb4 26.Na4 Nfd7 27.Nxb6 Qxb6 28.Bf1 a5 29.Qa4 Qd8
30.Qc6 Ne5 31.Qa4 Rc8 32.e4 h5 33.Ba6 Rb8 34.Be2 Nd7 35.Bf4 Nc5 36.Qc2 a4
37.e5 dxe5 38.Be3 Nb3 39.d6 Nd4 40.Bxd4 exd4 41.Qxa4 Qxd6 42.Bc4 Qe7 43.Qc6 Bf6
44.b3 Kg7 45.h4 Rb7 46.Kf1 Rc7 47.Qd5 Rc5 48.Qa8 Qc7 49.Qe4 Re5 50.Qa8 Rf5
51.Rd3 Rc5 52.Kg2 Qd7 53.Rf3 Qd6 54.Qb7 Rc7 55.Qa8 Qe7 56.Qd5 Ra7 57.Qc6 Ra1
58.Kh2 Rc1 59.Qb6 Rc3 60.Qc6 Rc1  1/2-1/2

[Event "Leningrad"]
[Site "Leningrad"]
[Date "1989.??.??"]
[Round "?"]
[White "Vera, Reynaldo"]
[Black "Yudasin, Leonid"]
[Result "0-1"]
[WhiteElo "2470"]
[BlackElo "2555"]

1.d4 Nf6 2.c4 e6 3.Nc3 Bb4 4.Qc2 c5 5.dxc5 Qc7 6.Bg5 Bxc5 7.Nf3 Be7 8.e4 d6
9.O-O-O a6 10.Be2 Nbd7 11.Nd4 O-O 12.f4 Re8 13.Nf3 b6 14.Kb1 h6 15.e5 dxe5
16.fxe5 hxg5 17.exf6 Bxf6 18.Ne4 g4 19.Nfg5 Bxg5 20.Nxg5 Nf6 21.Bxg4 e5 22.Bh5 g6
23.Rhf1 Nxh5 24.Rxf7 Qc6 25.Rdf1 Bf5 26.R7xf5 gxf5 27.Qxf5 Re7 28.Nf7 Ng7
29.Nxe5 Qxg2  0-1

[Event "Leningrad"]
[Site "Leningrad"]
[Date "1989.??.??"]
[Round "?"]
[White "Yudasin, Leonid"]
[Black "Khalifman, Alexander"]
[Result "1/2-1/2"]
[WhiteElo "2555"]
[BlackElo "2545"]

1.e4 c5 2.Nf3 d6 3.c3 Nf6 4.Be2 g6 5.O-O Bg7 6.Re1 O-O 7.Bf1 Nc6 8.h3 e5
9.d3 a6 10.Na3 Re8 11.Bg5 h6 12.Bh4 Be6 13.Nc4 b5 14.Ne3 Qd7 15.Nd2 Ne7 16.a4 Nh5
17.Qf3 Nf4 18.Bxe7 Qxe7 19.Kh2 Qb7 20.g3 Nh5 21.Bg2 Nf6 22.Reb1 h5 23.b4 Qc7
24.c4 cxb4 25.Rxb4  1/2-1/2

[Event "Leningrad"]
[Site "Leningrad"]
[Date "1989.??.??"]
[Round "?"]
[White "Yudasin, Leonid"]
[Black "Kirov, Nino"]
[Result "1-0"]
[WhiteElo "2555"]
[BlackElo "2470"]

1.e4 c5 2.Nf3 e6 3.d4 cxd4 4.Nxd4 Nc6 5.Nb5 d6 6.c4 Nf6 7.N1c3 a6 8.Na3 Be7
9.Be2 b6 10.O-O O-O 11.Be3 Bb7 12.Qb3 Nd7 13.Rfd1 Ra7 14.Rac1 Ba8 15.f3 Qb8
16.Bf1 Rc8 17.Qc2 Rb7 18.Kh1 Nde5 19.Qf2 Nd7 20.Qg3 Bf8 21.Rc2 Rbc7 22.Rcd2 Nce5
23.f4 Ng6 24.Qh3 b5 25.cxb5 Rxc3 26.bxc3 Bxe4 27.bxa6 Nc5 28.Nb5 d5 29.a7 Qa8
30.c4 dxc4 31.Bxc4 Na4 32.Be2 Nc3 33.Nxc3 Rxc3 34.Rd8 Qxa7 35.Bxa7 Rxh3 36.Bd3 Rxd3
37.R8xd3 Nxf4 38.Rd8 f5 39.Bc5 Ng6 40.a4 Kf7 41.Bxf8  1-0

[Event "Leningrad"]
[Site "Leningrad"]
[Date "1989.??.??"]
[Round "?"]
[White "Yudasin, Leonid"]
[Black "Marinkovic, Ivan"]
[Result "1-0"]
[WhiteElo "2555"]
[BlackElo "2420"]

1.e4 Nf6 2.e5 Nd5 3.d4 d6 4.Nf3 g6 5.Bc4 Nb6 6.Bb3 Bg7 7.a4 d5 8.O-O O-O
9.h3 Nc6 10.c3 Bf5 11.Re1 f6 12.exf6 exf6 13.Bf4 Qd7 14.a5 Nc4 15.Bxc4 dxc4
16.Qa4 Bd3 17.Nbd2 g5 18.Bg3 Qd5 19.Bxc7 Rfc8 20.Bg3 b5 21.axb6 axb6 22.Qxa8 Rxa8
23.Rxa8+ Kf7 24.Rc8 Kg6 25.Rc7 h5 26.Nf1 Bxf1 27.Kxf1 h4 28.Bh2 Nd8 29.Nd2 b5
30.Kg1 Bf8 31.Ra7 Nc6  1-0

[Event "Podolsk GMA-qual"]
[Site "Podolsk"]
[Date "1989.??.??"]
[Round "?"]
[White "Yudasin, Leonid"]
[Black "Gorelov, Sergey G"]
[Result "1-0"]
[WhiteElo "2555"]
[BlackElo "2450"]

1.e4 c5 2.c3 d5 3.exd5 Qxd5 4.d4 e6 5.Na3 Nc6 6.Nb5 Kd8 7.Nf3 a6 8.Na3 cxd4
9.Bc4 Qe4+ 10.Be3 Bd7 11.cxd4 Bb4+ 12.Kf1 Nge7 13.Bd3 Qd5 14.Nc4 Ba5 15.Rc1 f6
16.a3 Bc7 17.Nfd2 Be8 18.Be4 Qb5 19.a4 Qb4 20.Nb3 Qxa4 21.d5 exd5 22.Bxd5 Nxd5
23.Qxd5+ Kc8 24.Nc5 Qb5 25.Kg1 b6 26.Qe6+ Kb8 27.Nd6 Bxd6 28.Qxd6+ Kc8 29.Ne6 Ra7  1-0

[Event "Podolsk GMA-qual"]
[Site "Podolsk"]
[Date "1989.??.??"]
[Round "?"]
[White "Yakovich, Yuri"]
[Black "Yudasin, Leonid"]
[Result "1-0"]
[WhiteElo "2450"]
[BlackElo "2555"]

1.d4 Nf6 2.c4 e6 3.Nc3 Bb4 4.f3 d5 5.a3 Be7 6.e4 c5 7.cxd5 exd5 8.e5 Nfd7
9.Nxd5 cxd4 10.Nxe7 Qxe7 11.f4 f6 12.Nf3 fxe5 13.Bc4 Nb6 14.Bb3 Nc6 15.O-O Be6
16.fxe5 O-O 17.Re1 Bxb3 18.Qxb3+ Kh8 19.Bg5 Qf7 20.e6 Qf5 21.e7 Rfe8 22.Rad1 h6
23.Bh4 Qh5 24.Re4 Qd5 25.Qd3 Nc8 26.Rde1 Nd6 27.Rf4 Nc4 28.Qg6 Qg8 29.Rf7 Qh7
30.Qe6 Ne3 31.Nxd4 Nxg2 32.Ref1 Nxe7 33.Bxe7 Qd3 34.Qg4 Qe3+ 35.Kxg2 Qe5
36.R1f5  1-0

[Event "Lvov zt"]
[Site "Lvov"]
[Date "1990.??.??"]
[Round "?"]
[White "Kharitonov, Andrei Y"]
[Black "Yudasin, Leonid"]
[Result "1/2-1/2"]
[WhiteElo "2500"]
[BlackElo "2575"]

1.Nf3 c5 2.c4 Nf6 3.Nc3 e6 4.g3 b6 5.Bg2 Bb7 6.O-O d6 7.b3 a6 8.Bb2 Nbd7
9.d3 Be7 10.e4 O-O 11.Ne1 Rb8 12.f4 b5 13.Nc2 Ba8 14.Qe2 Ne8 15.Nd1 a5 16.cxb5 Rxb5
17.Nc3 Rb8 18.Rad1 Qb6  1/2-1/2